Chicago bulls roster 2024 - Statistics

General Stats
  • This quiz has been taken 13 times
  • The average score is 15 of 22
Answer Stats
Answer % Correct
Coby White
100%
Dalen Terry
100%
Jalen Smith
100%
Josh Giddey
100%
Matas Buzelis
100%
Nikola Vučević
100%
Ayo Dosunmu
80%
Jevon Carter
80%
Kevin Huerter
80%
Talen Horton-Tucker
80%
Zach Lavine
80%
Julian Phillips
60%
Lonzo Ball
60%
Patrick Williams
60%
Tre Jones
60%
Zach Collins
60%
Adama Sanogo
40%
Emanuel Miller
40%
Jahmir Young
40%
Torrey Craig
40%
Chris Duarte
20%
E.J. Liddell
20%
No matching quizzes found
Score Distribution
Percent of People with Each Score
Percentile by Number Answered
Your Score History
You have not taken this quiz